000 00309nam a2200109Ia 4500
005 20251222154424.0
008 251222s9999||||xx |||||||||||||| ||spa||
020 _a978-6124630323
082 _a727.3/B45
245 0 _aOrígenes y Evolución del Conjunto Arquitectónico de la Casona de San Marcos
942 _cLIB
999 _c36157
_d36157